Library Banner

Pakistan mein nifaaz-e-Islam (Urdu) (Record no. 41451)

MARC details
000 -LEADER
fixed length control field 00479nam a2200181Ia 4500
001 - CONTROL NUMBER
control field 43441
008 - FIXED-LENGTH DATA ELEMENTS--GENERAL INFORMATION
fixed length control field 140425s9999 xx 000 0 und d
020 ## - INTERNATIONAL STANDARD BOOK NUMBER
International Standard Book Number 969448023
040 ## - CATALOGING SOURCE
Transcribing agency PK-LaUMT
082 ## - DEWEY DECIMAL CLASSIFICATION NUMBER
Classification number RHC 340.9095491
Item number KHU-P
100 ## - MAIN ENTRY--PERSONAL NAME
Personal name Khurshid Ahmad
245 ## - TITLE STATEMENT
Title Pakistan mein nifaaz-e-Islam (Urdu)
Statement of responsibility, etc Khurshid Ahmad
260 ## - PUBLICATION, DISTRIBUTION, ETC. (IMPRINT)
Place of publication, distribution, etc Islamabad,Pakistan:
Name of publisher, distributor, etc Institute of Policy Studies,
Date of publication, distribution, etc 1994
300 ## - PHYSICAL DESCRIPTION
Extent 244 p.
546 ## - LANGUAGE NOTE
Language note UR
650 ## - SUBJECT ADDED ENTRY--TOPICAL TERM
Topical term or geographic name as entry element Islam-Pakistan
942 ## - ADDED ENTRY ELEMENTS (KOHA)
Koha item type Books
Holdings
Withdrawn status Lost status Damaged status Not for loan Home library Current library Date acquired Total Checkouts Full call number Barcode Date last seen Date checked out Price effective from Koha item type
        UMT Main Campus UMT Main Campus 2014-04-25 1 RHC 340.9095491 KHU-P 47034 2018-10-24 2018-10-10 2014-05-06 Books